000 00496nam a2200181Ia 4500
005 20250508151309.0
008 008 250505s9999 xx 000 0 eng d
037 _aTextual
040 _aFEDL
_beng
_cFEDL
041 _aeng
_2eng
084 _a913.54, PIG
_qFEDL
100 _aPiggott Stuart
245 0 _aSome ancient cities of India
260 _aLondon, UK
_bOxford University Press
_c1945
300 _a102p.
942 _cTEXL
_h913.54, PIG
999 _c1328906
_d1328906